| 000 | 01058 a2200193 4500 | ||
|---|---|---|---|
| 020 | _a9781599041322 | ||
| 040 |
_aDLC _bDLC |
||
| 082 | 0 | 0 | _a621.3822 |
| 245 | 0 | 0 |
_aAdvances in audio and speech signal processing: technologies and applications _btechnologies and applications _cHector Perez-Meana |
| 260 |
_aHershey, PA : _bIdea Group Pub., _cc2007. |
||
| 300 |
_axvi, 446 p. : _bill. ; _c27 cm. |
||
| 520 | _a"This book provides a comprehensive approach of signal processing tools regarding the enhancement, recognition, and protection of speech and audio signals. It offers researchers and practitioners the information they need to develop and implement efficient signal processing algorithms in the enhancement field"--Provided by publisher. | ||
| 650 | 0 |
_aSound _xRecording and reproducing. |
|
| 650 | 0 |
_aSignal processing _xDigital techniques. |
|
| 650 | 0 | _aSpeech processing systems. | |
| 700 | 1 |
_aPerez-Meana, Hector, _d1954- |
|
| 856 | 4 | 1 |
_3Table of contents only _uhttp://www.loc.gov/catdir/toc/ecip072/2006033759.html |
| 942 |
_cBK _k621.3822 PER _2ddc |
||
| 999 |
_c8301 _d8301 |
||